[Event "Anibal Open"]
[Site "Anibal Open ESP"]
[Date "2001.01.12"]
[Round "5"]
[White "Milov,V"]
[Black "Burmakin,V"]
[Result "1-0"]
[WhiteElo "2626"]
[BlackElo "2538"]

1.d4 d5 2.c4 e6 3.Nc3 Be7 4.cxd5 exd5 5.Bf4 c6 6.e3 Bd6 7.Bg3 Bf5 8.Qb3 Bxg3
9.hxg3 Qb6 10.Be2 Na6 11.g4 Bg6 12.Nf3 Nb4 13.Rc1 Nd3+ 14.Bxd3 Qxb3 15.axb3 Bxd3
16.Ne5 Ba6 17.Na4 Bb5 18.Nc5 Rb8 19.Kd2 Ne7 20.g5 b6 21.Ncd3 f6 22.gxf6 gxf6
23.Ng4 Bxd3 24.Kxd3 Kf7 25.Rh6 Kg7 26.Rch1 Rbf8 27.R6h5 a5 28.R1h3 Kg6 29.f3 c5
30.Nf2 Nc6 31.Nd1 cxd4 32.exd4 Nb4+ 33.Kd2 Nc6 34.R5h4 h6 35.Nc3 Ne7 36.Ne2 Nf5
37.Rh5 Ne7 38.Nf4+ Kf7 39.Rxh6 Rxh6 40.Rxh6 Rg8 41.g4 f5 42.Nd3 fxg4 43.fxg4 Ng6
44.Rh7+ Kf6 45.Rb7 Kg5 46.Rxb6 Nf4 47.Rb5 Kxg4 48.Rxa5 Rd8 49.b4 Ne6 50.b5 Rb8
51.Kc3 Kf3 52.b6 Rxb6 53.Rxd5 Rc6+ 54.Nc5 Nc7 55.Rd7 Nb5+ 56.Kc4 Rb6 57.Na4 Rb8
58.d5 Ke4 59.Re7+ Kf5 60.Kc5 Kf6 61.Rd7 Ke5 62.Nb6 Nd4 63.Nc4+  1-0

[Event "Anibal Open"]
[Site "Linares ESP"]
[Date "2001.01.15"]
[Round "8"]
[White "Potkin,V"]
[Black "Milov,V"]
[Result "1-0"]
[WhiteElo "2470"]
[BlackElo "2604"]

1.e4 c5 2.c3 d6 3.d4 Nf6 4.Bd3 Nc6 5.Nf3 e5 6.dxe5 dxe5 7.Bg5 Be7 8.Na3 O-O
9.Nc4 Nh5 10.Bxe7 Qxe7 11.Ne3 Nf4 12.Bc4 Qf6 13.O-O Rd8 14.Nd2 Ne7 15.Qc2 Neg6
16.Rfd1 Nh4 17.Bf1 Qh6 18.Kh1 Qh5 19.Nf3 Rxd1 20.Rxd1 g5 21.Rd8+ Kg7 22.Nxe5 g4
23.N5c4 Qg5 24.Qd2 b5 25.Na5 Qf6 26.Qd6 Ne6 27.Re8 Bb7 28.Rxa8 Bxa8 29.Nxg4 Qg5
30.Qe5+ Qxe5 31.Nxe5 Bxe4 32.f3 Bb1 33.Bxb5 Bxa2 34.Nac6 Nf5 35.Nxa7 Ne3
36.Be2 Nf4 37.Ba6 Nfxg2 38.b4 cxb4 39.cxb4 Bd5 40.Kg1 Nf4 41.Kf2 Nc2 42.b5 Nb4
43.Nac6 Nxc6 44.Nxc6 Bxc6 45.bxc6 Ne6 46.Bc4 Nc7 47.Ke3 Kf6 48.Kd4 Ke7 49.Kc5 f6
50.Bd3 h6 51.Bf5 Ne8 52.h4 Nc7 53.Bd7 Na8 54.Bh3 Nc7 55.Bg4 Na8 56.h5 Nc7
57.Bd7 Na8 58.Kd5 Nc7+ 59.Ke4 Kf8 60.Kf5 Kf7 61.Bc8 Nb5 62.Be6+ Ke7 63.Bd5 Nd4+
64.Kg6 Ne2 65.Kxh6 Nf4 66.Be4 Kd6 67.Bg6  1-0

[Event "Anibal Open"]
[Site "Linares ESP"]
[Date "2001.01.16"]
[Round "9"]
[White "Milov,V"]
[Black "Franco Ocampos,Z"]
[Result "1/2-1/2"]
[WhiteElo "2604"]
[BlackElo "2482"]

1.d4 d5 2.c4 c6 3.Nc3 Nf6 4.e3 g6 5.Nf3 Bg7 6.Be2 O-O 7.O-O Bg4 8.cxd5 cxd5
9.Qb3 b6 10.h3 Bxf3 11.Bxf3 e6 12.Bd2 Nc6 13.Be2 Na5 14.Qa4 a6 15.b3 b5 16.Qa3 Nc6
17.Qb2 Qd6 18.Rac1 e5 19.dxe5 Qxe5 20.Qb1 Qe6 21.Rfd1 Rad8 22.Bd3 d4 23.Ne2 dxe3
24.Bxe3 Nd5 25.Bg5 Bf6 26.Bxf6 Qxf6 27.Be4 Nde7 28.a3 Rxd1+ 29.Rxd1 Rd8 30.Rxd8+ Nxd8
31.b4 Ndc6 32.g3 Ne5 33.Nf4 Nc4 34.Qd3 Kg7 35.Kg2 Nc6 36.Bd5 N6e5 37.Qc3 Nb6
38.Bb7 Nec4 39.Qb3 a5 40.Nd5 a4 41.Qd3 Nxd5 42.Bxd5 Qb2 43.Bxc4 bxc4 44.Qxc4 Qxa3
45.Qd4+ Kg8 46.b5 Qb3  1/2-1/2

[Event "Anibal Open"]
[Site "Linares ESP"]
[Date "2001.01.17"]
[Round "10"]
[White "Nalbandian,T"]
[Black "Milov,V"]
[Result "0-1"]
[WhiteElo "2481"]
[BlackElo "2604"]

1.d4 Nf6 2.Nf3 g6 3.g3 Bg7 4.Bg2 O-O 5.O-O d6 6.c4 Nc6 7.d5 Na5 8.Nfd2 c5
9.Nc3 e5 10.Rb1 b6 11.b4 Nb7 12.e4 Ng4 13.Nf3 cxb4 14.Rxb4 Nc5 15.h3 Nh6
16.Be3 f5 17.Qd2 f4 18.gxf4 exf4 19.Bd4 Nf7 20.Bxg7 Kxg7 21.Qd4+ Qf6 22.Qxf6+ Kxf6
23.Nb5 Bd7 24.Nxd6 Nxd6 25.e5+ Ke7 26.exd6+ Kxd6 27.Ra1 Rab8 28.Nd4 g5 29.Bf3 Bxh3
30.Nb5+ Kd7 31.Nxa7 g4 32.Bg2 Bxg2 33.Kxg2 f3+ 34.Kg1 g3 35.fxg3 Rbe8 36.Rf1 Re2
37.Rxb6 Ne4 38.Rb7+ Kd6 39.Nb5+ Kc5 40.Rc7+ Kb6 41.Rg7 Rf6 42.Rd1 Rg2+ 43.Kf1 Rh6  0-1

[Event "Anibal Open"]
[Site "Linares ESP"]
[Date "2001.01.18"]
[Round "11"]
[White "Milov,V"]
[Black "Vescovi,G"]
[Result "1/2-1/2"]
[WhiteElo "2604"]
[BlackElo "2519"]

1.d4 Nf6 2.c4 e6 3.Nc3 Bb4 4.e3 c5 5.Nf3 O-O 6.Bd3 d5 7.O-O Nc6 8.a3 Bxc3
9.bxc3 Qc7 10.a4 dxc4 11.Bxc4 e5 12.Ba3 b6 13.Qe2 Bg4 14.h3 Bh5 15.g4 Nxg4
16.hxg4 Bxg4 17.Bd5 Rae8 18.Qa2 Qd6 19.Ng5 Qg6 20.f4 exf4 21.Qg2 Ne7 22.Ba2 Qh5
23.exf4 Ng6 24.Qg3 h6 25.Nxf7 Rxf7 26.Bxf7+ Kxf7 27.f5 Nh4 28.Rf4 Nf3+ 29.Kf2 Nd2
30.Rxg4 Ne4+ 31.Rxe4 Rxe4 32.Qg6+ Qxg6 33.fxg6+ Kxg6 34.Re1 Rxe1 35.Kxe1 cxd4
36.c4 Kf5 37.Bd6 Ke4 38.Kd2 d3  1/2-1/2

[Event "26th Speed Chess Open"]
[Site "Aubervilliers FRA"]
[Date "2001.01.27"]
[Round "5"]
[White "Milov,V"]
[Black "Vachier Lagrave,M"]
[Result "1-0"]
[WhiteElo "2604"]
[BlackElo "2198"]

1.d4 Nf6 2.c4 c5 3.d5 b5 4.cxb5 a6 5.bxa6 Bxa6 6.Nc3 d6 7.Nf3 g6 8.g3 Bg7
9.Bg2 Nbd7 10.Rb1 O-O 11.b3 Ra7 12.O-O Qa8 13.Qd2 Rb8 14.Rd1 Ne8 15.Bb2 Nc7
16.e4 Ne5 17.Nxe5 Bxe5 18.Bf1 Bxf1 19.Rxf1 f6 20.Qc2 Bxc3 21.Bxc3 Rxa2 22.Rb2 Rxb2
23.Qxb2 Qb7 24.Rb1 Nb5 25.Bd2 Nd4 26.Be3 Qb4 27.Bxd4 Qxd4 28.Qxd4 cxd4 29.b4 Rb5
30.Kf1 f5 31.exf5 gxf5 32.Ke2 Rxd5 33.Kd3 Rb5 34.Kc4 Rb8 35.Kxd4 e6 36.b5 Kf7
37.b6 Ke7 38.Kc4 Kd7 39.Kb5 Rb7 40.Ka6 Kc8 41.Kb5 Kd7 42.Ra1 Kc8 43.Ra8+ Rb8
44.Ra7  1-0

[Event "26th Speed Chess Open"]
[Site "Aubervilliers FRA"]
[Date "2001.01.28"]
[Round "6"]
[White "Silva,S"]
[Black "Milov,V"]
[Result "1/2-1/2"]
[WhiteElo "2348"]
[BlackElo "2604"]

1.d4 Nf6 2.Nf3 d5 3.c4 e6 4.Nc3 Bb4 5.cxd5 exd5 6.Bg5 Nbd7 7.e3 c5 8.Bb5 Qa5
9.O-O Bxc3 10.Bxd7+ Nxd7 11.bxc3 c4 12.Qc2 O-O 13.Be7 Re8 14.Ng5 g6 15.Bd6 Qa6
16.Bf4 Nf6 17.h3 Bf5 18.Qb2 Rac8 19.a4 h6 20.Nf3 g5 21.Be5 Nd7 22.Bg3 f6
23.Nd2 Qb6 24.Ra2 Qc6 25.a5 Nf8 26.Qb4 Ng6 27.Rb2 Re7 28.Bd6 Rd7 29.Bc5 a6
30.Qa3 Qe6 31.Rb6 Rc6 32.Rxc6 Qxc6 33.Qb4 Qe6 34.Qb6 Qxb6 35.Bxb6 Ne7 36.f3 Bd3
37.Re1 Kf7 38.e4 dxe4 39.fxe4 f5 40.exf5 Nd5 41.Nf3 Re7 42.Ne5+ Kg8 43.f6 Nxf6
44.Bd8 Re6 45.Bxf6 Rxf6 46.Nd7 Rd6 47.Nc5 b6 48.Nxa6 bxa5 49.Nc5 Bc2 50.Re8+ Kf7
51.Ra8 Rb6 52.Rxa5 Rb2 53.Ra6 Bd3 54.Rxh6 Rc2 55.Rc6 Bf5 56.Na4 Be4 57.Rxc4 Rxg2+
58.Kf1 Rh2 59.Rc7+ Kf6 60.Nc5 Bd5 61.Rd7 Bc4+ 62.Kg1 Rxh3 63.Kg2 Re3 64.Rc7 Bd5+
65.Kf2 Rh3 66.Nd7+ Ke6 67.Ne5 Kd6 68.Rd7+ Ke6 69.Rg7 Kf6 70.Rd7 Be6 71.Rd6 Kf5
72.c4 Rc3 73.c5 Bc8 74.Rd8 Bb7 75.Rf8+ Ke6 76.Rg8 Kf5 77.Rf8+ Ke6 78.Rg8 Kf5  1/2-1/2

[Event "9th Aosta Valley"]
[Site "Saint Vincent ITA"]
[Date "2001.02.05"]
[Round "3"]
[White "Jakovenko,D"]
[Black "Milov,V"]
[Result "1-0"]
[WhiteElo "2523"]
[BlackElo "2604"]

1.e4 c5 2.Nf3 e6 3.d4 cxd4 4.Nxd4 a6 5.Nc3 b5 6.Bd3 Bc5 7.Nb3 Ba7 8.Qe2 Nc6
9.O-O d6 10.a4 b4 11.Na2 Nge7 12.Bd2 a5 13.c3 bxc3 14.Nxc3 O-O 15.Rad1 Ng6
16.Nb5 Bb6 17.Be3 Nb4 18.e5 Nxd3 19.Rxd3 d5 20.Rc3 Bd7 21.Bc5 Bxb5 22.axb5 Bxc5
23.Rxc5 Qb8 24.Re1 Rc8 25.Rxc8+ Qxc8 26.Qe3 Qc4 27.Nd4 Qb4 28.Qc3 Qxc3 29.bxc3 Nf8
30.f4 Nd7 31.Ra1 a4 32.Kf2 Nb6 33.Nc6 a3 34.Ra2 Ra4 35.g3 h6 36.Ke3 g5 37.Nb4 Ra5
38.Kd4 Kg7 39.Nc6 Rxb5 40.Rxa3 Rb2 41.Ra7 gxf4 42.gxf4 Kg6 43.Nd8 f6 44.Nxe6 fxe5+
45.fxe5 Rxh2 46.Kc5 Rb2 47.Nd4 h5 48.Ra6 h4 49.Rxb6+ Rxb6 50.Kxb6 h3 51.Nf3 Kf5
52.e6 Kxe6 53.Ng5+ Kf5 54.Nxh3 Ke4 55.Nf2+  1-0

[Event "9th Aosta Valley"]
[Site "Saint Vincent ITA"]
[Date "2001.02.07"]
[Round "5"]
[White "Lanzani,M"]
[Black "Milov,V"]
[Result "1/2-1/2"]
[WhiteElo "2389"]
[BlackElo "2604"]

1.e4 c5 2.Nf3 Nc6 3.Bb5 e6 4.O-O Nge7 5.b3 Ng6 6.Bb2 f6 7.d4 cxd4 8.Nxd4 Qc7
9.Bd3 Nxd4 10.Bxd4 Bd6 11.g3 O-O 12.c4 Be5 13.Bxe5 Qxe5 14.Na3 b6 15.Nc2 Bb7
16.Re1 Rad8 17.Ne3 Qc5 18.f4 Ne7 19.Qc2 Nc6 20.Qf2 Nb4 21.Bc2 f5 22.exf5 Qc6
23.Kf1 Nxc2 24.Nxc2 Qh1+ 25.Qg1 Qf3+ 26.Qf2 Qd3+ 27.Kg1 Qxf5 28.Nd4 Qf6 29.Qe3 h6
30.Rf1 Rc8 31.Nb5 Rc5 32.Nd6 Bc6 33.Ne4 Bxe4 34.Qxe4 d5 35.cxd5 exd5 36.Qd3 d4
37.Rac1 Qc6 38.Rxc5 Qxc5 39.Rd1 Rc8 40.Rd2 a5 41.Qxd4 Qxd4+ 42.Rxd4 Rc1+
43.Kg2 Rc2+ 44.Kh3 Rxa2 45.Rd8+ Kh7 46.Rb8 Rb2 47.Rxb6 a4 48.b4 a3  1/2-1/2

[Event "9th Aosta Valley"]
[Site "Saint Vincent ITA"]
[Date "2001.02.08"]
[Round "6"]
[White "Milov,V"]
[Black "Mantovani,R"]
[Result "1-0"]
[WhiteElo "2604"]
[BlackElo "2386"]

1.d4 c5 2.dxc5 e6 3.Nc3 Bxc5 4.Ne4 d5 5.Nxc5 Qa5+ 6.Qd2 Qxc5 7.Qg5 Qf8 8.e3 Nf6
9.Bd3 Nc6 10.Ne2 e5 11.O-O Bg4 12.f3 h6 13.Qh4 Be6 14.a3 Qe7 15.b4 O-O 16.Bb2 Nd7
17.Qg3 f6 18.f4 e4 19.Bb5 Rfc8 20.Ba4 a5 21.b5 Nc5 22.bxc6 Nxa4 23.Bxf6  1-0

[Event "9th Aosta Valley"]
[Site "Saint Vincent ITA"]
[Date "2001.02.10"]
[Round "8"]
[White "Milov,V"]
[Black "Lalic,B"]
[Result "1-0"]
[WhiteElo "2604"]
[BlackElo "2531"]

1.d4 Nf6 2.c4 g6 3.Nc3 d5 4.Nf3 Bg7 5.Bg5 Ne4 6.Bf4 Nxc3 7.bxc3 dxc4 8.e3 Be6
9.Qb1 b6 10.Ng5 Bd5 11.e4 Bb7 12.Bxc4 O-O 13.h4 Ba6 14.Bxa6 Nxa6 15.Qb5 Qc8
16.h5 c5 17.hxg6 hxg6 18.Rc1 Nc7 19.Qe2 Ne6 20.Nxe6 Qxe6 21.d5 Qd7 22.c4 e5
23.Bd2 f5 24.Rc3 f4 25.Rch3 Rab8 26.Bc3 a6 27.Rh7 Rfe8 28.g3 b5 29.gxf4 bxc4
30.Qd1 Rb6 31.fxe5 Qb7 32.Qg4 Rf8 33.Kf1 Qf7 34.Qg3 Rb1+ 35.Kg2 Rxh1 36.Rxh1  1-0

[Event "5th Neckar Open"]
[Site "Deizisau GER"]
[Date "2001.04.15"]
[Round "7"]
[White "Milov,V"]
[Black "Niklasch,O"]
[Result "1-0"]
[WhiteElo "2605"]
[BlackElo "2349"]

1.d4 Nf6 2.c4 e6 3.Nc3 Bb4 4.e3 O-O 5.Bd3 d5 6.a3 Bxc3+ 7.bxc3 dxc4 8.Bxc4 c5
9.Nf3 Qc7 10.Ba2 Nc6 11.Qc2 e5 12.d5 e4 13.Nd2 Ne7 14.c4 Bf5 15.Bb2 Qd6 16.h3 h5
17.Qc3 Ne8 18.Bb1 b5 19.g4 Bh7 20.Nxe4 Bxe4 21.Bxe4 bxc4 22.Qxc4 Rb8 23.Bc3 Nf6
24.Bxf6 Qxf6 25.Rd1 Rb2 26.O-O hxg4 27.hxg4 Qd6 28.Rb1 Rb6 29.Rxb6 axb6 30.Rb1 Rd8
31.a4 g6 32.Bg2 Kg7 33.Qc3+ Kg8 34.Qb2 Nc8 35.g5 Re8 36.Qf6 Qc7 37.Bf3 Re5
38.e4 Qe7 39.Qxe7 Rxe7 40.Bg4 Nd6 41.Rxb6 Nxe4 42.d6  1-0

[Event "5th Neckar Open"]
[Site "Deizisau GER"]
[Date "2001.04.16"]
[Round "8"]
[White "Volke,K"]
[Black "Milov,V"]
[Result "0-1"]
[WhiteElo "2486"]
[BlackElo "2605"]

1.e4 c5 2.Nf3 Nc6 3.Nc3 d6 4.d4 cxd4 5.Nxd4 Nf6 6.Bg5 Bd7 7.Qd2 Rc8 8.O-O-O Nxd4
9.Qxd4 Qa5 10.Be3 a6 11.f3 g6 12.Kb1 Bg7 13.Nd5 Be6 14.Qb6 Qxb6 15.Nxb6 Rc7
16.c4 Nd7 17.Nd5 Rc6 18.Be2 f5 19.exf5 Bxf5+ 20.Ka1 Kf7 21.Rhe1 Re8 22.g4 Be6
23.f4 Rec8 24.f5 Bxd5 25.Rxd5 b5 26.Bd3 bxc4 27.fxg6+ hxg6 28.Bc2 Be5 29.Bc1 Rc5
30.Rd2 Kg7 31.Rde2 Rh8 32.Rf1 Rcc8 33.Bg5 Rcf8 34.Rh1 Nf6 35.h4 Rb8 36.Bc1 Nd5
37.h5 Nf4 38.Rf2 g5 39.Re1 Rb7 40.Be4 Rc7 41.Rc2 Kf6 42.Kb1 e6 43.Bf3 Nd3
44.Rxe5 Nxe5 45.Be4 Rf7 46.Rg2 d5 47.Bc2 Nd3 48.Bxd3 cxd3 49.Rg3 Ke5 50.Rxd3 Rf1
51.Re3+ Kf6  0-1

[Event "2nd IECC"]
[Site "Ohrid MKD"]
[Date "2001.06.01"]
[Round "1"]
[White "Ionov,S"]
[Black "Milov,V"]
[Result "1/2-1/2"]
[WhiteElo "2505"]
[BlackElo "2605"]

1.d4 Nf6 2.c4 e6 3.Nf3 d5 4.Nc3 Bb4 5.Qa4+ Nc6 6.a3 Bxc3+ 7.bxc3 Ne4 8.Qc2 O-O
9.e3 b6 10.cxd5 exd5 11.Bd3 Na5 12.O-O Bb7 13.Nd2 f5 14.f3 Nd6 15.Bb2 Qe7
16.Rae1 Qe6 17.Rf2 Rac8 18.Qb1 c5 19.Nf1 Bc6 20.Bc1 Qd7 21.Ng3 Bb5 22.Bc2 Ba4
23.Bd3 Bb5  1/2-1/2

[Event "2nd IECC"]
[Site "Ohrid MKD"]
[Date "2001.06.03"]
[Round "3"]
[White "Agrest,E"]
[Black "Milov,V"]
[Result "1/2-1/2"]
[WhiteElo "2532"]
[BlackElo "2605"]

1.c4 g6 2.d4 Nf6 3.Nc3 Bg7 4.e4 d6 5.h3 O-O 6.Bg5 Na6 7.Bd3 e5 8.d5 Qe8 9.g4 Nd7
10.a3 Nac5 11.Bc2 a5 12.Nge2 Nb6 13.b3 f5 14.Rg1 fxe4 15.Nxe4 Nxe4 16.Bxe4 a4
17.Nc3 axb3 18.Qxb3 Nd7 19.Be3 b6 20.Ra2 Qe7 21.Rg3 Nc5 22.Bxc5 bxc5 23.a4 Bh6
24.Ne2 Bd7 25.Qc2 Bf4 26.Rf3 Ra5 27.Nc3 Rfa8  1/2-1/2

[Event "2nd IECC"]
[Site "Ohrid MKD"]
[Date "2001.06.04"]
[Round "4"]
[White "Milov,V"]
[Black "Timoscenko,G"]
[Result "1-0"]
[WhiteElo "2605"]
[BlackElo "2531"]

1.d4 e6 2.c4 d5 3.Nc3 Be7 4.cxd5 exd5 5.Bf4 Nf6 6.e3 O-O 7.Bd3 c5 8.Nf3 Nc6
9.O-O c4 10.Bc2 Bg4 11.h3 Bh5 12.g4 Bg6 13.Ne5 Bb4 14.Bg5 Bxc3 15.bxc3 Bxc2
16.Qxc2 Re8 17.Bxf6 Qxf6 18.f4 Qe6 19.Rae1 f6 20.Nf3 b5 21.Nd2 b4 22.e4 bxc3
23.Qxc3 dxe4 24.Rxe4 Qd5 25.Rfe1 Rxe4 26.Rxe4 Rd8 27.Qxc4 Qxc4 28.Nxc4 Kf7
29.Kf2 Nxd4 30.Re3 Nc6 31.Rc3 Rd7 32.Ne3 Ne7 33.Ra3 Nc6 34.Rc3 Ne7 35.Kf3 Ke8
36.Ke4 Rd2 37.a3 Rd6 38.Rb3 Ra6 39.Nc4 f5+ 40.gxf5 Kd8 41.Rb5 Rc6 42.Rb4 Rc5
43.Nd6 Rc3 44.Ra4 Rxh3 45.Rxa7 Rh1 46.a4 Re1+ 47.Kf3 Rd1 48.Nf7+ Ke8 49.Ne5 Nxf5
50.a5 Ra1 51.a6 Nd6 52.Nc6 Nc8 53.Rxg7 h5 54.a7 Ra3+ 55.Kf2 Ra4 56.Ke3 Ra3+
57.Kd4 h4 58.Rc7 Nb6 59.Re7+ Kf8 60.Rb7 Na8 61.Rb8+ Kg7 62.Rxa8 h3 63.Rb8 h2  1-0

[Event "2nd IECC"]
[Site "Ohrid MKD"]
[Date "2001.06.05"]
[Round "5"]
[White "Ruck,R"]
[Black "Milov,V"]
[Result "0-1"]
[WhiteElo "2557"]
[BlackElo "2605"]

1.Nf3 Nf6 2.c4 e6 3.Nc3 d5 4.d4 Bb4 5.Bg5 Nbd7 6.cxd5 exd5 7.Qc2 O-O 8.a3 Bxc3+
9.Qxc3 c6 10.e3 h6 11.Bh4 Qe8 12.Nd2 Ne4 13.Qc2 Nb6 14.Bd3 Bf5 15.Bg3 Qe6
16.O-O Rac8 17.Rfc1 Bg6 18.Nxe4 Bxe4 19.Qb3 Bxd3 20.Qxd3 f5 21.Qc3 g5 22.Be5 Nd7
23.f4 Rf7 24.Qa5 a6 25.Qd2 Kh7 26.Rc2 Rg8 27.Rf1 Nf6 28.Bxf6 Rxf6 29.fxg5 hxg5
30.Qd3 Re8 31.Rc3 Kg7 32.Qd1 Qf7 33.Qf3 Re4 34.Qg3 Rg6 35.Qh3 Rf6 36.Qg3 Qg6
37.Qb8 Rf7 38.Rb3 Ree7 39.Rc3 Qf6 40.Qg3 Re4 41.Rd3 Qg6 42.Qh3 Qe6 43.Qh5 Qh6
44.Qxh6+ Kxh6 45.g3 Kg6 46.h3 Kf6 47.Kg2 Ke6 48.Kf3 a5 49.Rh1 a4 50.Rh2 Rh7
51.Rh1 Kd6 52.Kg2 Re8 53.Rf1 Ke6 54.Rd2 Reh8 55.Rh1 Kf6 56.Rf2 Kg6 57.Rff1 Re8
58.Rf3 g4 59.hxg4 fxg4 60.Rf6+ Kxf6 61.Rxh7 Rxe3 62.Rxb7 Kf5 63.Rf7+ Ke4
64.Rf4+ Kd3 65.Rxg4 Re2+ 66.Kf3 Rxb2 67.Rg6 Rc2 68.g4 Kxd4 69.Re6 c5 70.g5 Rc1
71.Kf2 Rc2+ 72.Kf3 Rc3+ 73.Kf4 Rc1 74.g6 Rg1 75.Kf3 c4 76.Kf2 Rg5 77.Kf3 c3
78.Ke2 Rg2+ 79.Kf3 Rg1  0-1

[Event "2nd IECC"]
[Site "Ohrid MKD"]
[Date "2001.06.06"]
[Round "6"]
[White "Milov,V"]
[Black "De Vreugt,D"]
[Result "1-0"]
[WhiteElo "2605"]
[BlackElo "2460"]

1.d4 Nf6 2.c4 c5 3.d5 b5 4.Nf3 g6 5.cxb5 a6 6.b6 a5 7.Nc3 Ba6 8.b7 Ra7 9.e4 Bxf1
10.Kxf1 d6 11.e5 dxe5 12.Nxe5 Rxb7 13.Qa4+ Nfd7 14.Nc6 Qb6 15.Bf4 Bg7 16.Nxb8 Rxb8
17.Bxb8 Qxb2 18.Rb1 Qxc3 19.Ke2 Qd4 20.Qxd4 Bxd4 21.d6 f5 22.Rb7 Rf8 23.Re1 Rf6
24.Kd3 e5 25.Reb1 e4+ 26.Kc4 Bxf2 27.Kd5 e3 28.Rxd7 Kxd7 29.Rb7+ Kd8 30.Bc7+ Ke8
31.Rb8+ Kf7 32.d7  1-0

[Event "2nd IECC"]
[Site "Ohrid MKD"]
[Date "2001.06.07"]
[Round "7"]
[White "Timoshenko,G"]
[Black "Milov,V"]
[Result "1/2-1/2"]
[WhiteElo "2537"]
[BlackElo "2605"]

1.e4 c5 2.Nf3 Nc6 3.d4 cxd4 4.Nxd4 Nf6 5.Nc3 d6 6.Bg5 Bd7 7.Qd2 Rc8 8.O-O-O Nxd4
9.Qxd4 Qa5 10.Bxf6 gxf6 11.Kb1 Qc5 12.Qd2 e6 13.f4 b5 14.Bd3 b4 15.Ne2 a5
16.Rhf1 Be7 17.Rc1 d5 18.c3 dxe4 19.Bxe4 f5 20.Bf3 Qb6 21.Qd4 Qxd4 22.cxd4 Bd6
23.g3 Ke7 24.d5 Rxc1+ 25.Rxc1 Rc8 26.Rd1 Ba4 27.b3 Bd7 28.Rc1 Bc5 29.Rd1 Bb5
30.Nd4 Bxd4 31.Rxd4 Rc3 32.Bd1 Rd3 33.Rxd3 Bxd3+ 34.Kb2 exd5 35.a3 Kd6 36.axb4 axb4
37.Kc1 Kc5 38.Kd2 Kd4 39.Bf3 Be4 40.Be2 h6 41.Bd1 Bb1 42.Bf3 f6 43.Bg2 Be4
44.Bh3 Bd3 45.Bg2 Bb1 46.Bf3 Be4 47.Be2 Kc5 48.Bf1 Kd6 49.Be2 Kc6 50.Bf1 Kc5
51.Ba6 Bf3 52.Bd3 Bg4 53.Bc2 Kd4 54.Bb1  1/2-1/2

[Event "2nd IECC"]
[Site "Ohrid MKD"]
[Date "2001.06.09"]
[Round "8"]
[White "Milov,V"]
[Black "Lputian,S"]
[Result "1/2-1/2"]
[WhiteElo "2605"]
[BlackElo "2607"]

1.d4 d5 2.c4 e6 3.Nc3 Be7 4.cxd5 exd5 5.Bf4 c6 6.e3 Bf5 7.g4 Be6 8.h4 Nd7
9.h5 Nh6 10.Be2 Nb6 11.Nh3 g5 12.hxg6  1/2-1/2

[Event "2nd IECC"]
[Site "Ohrid MKD"]
[Date "2001.06.11"]
[Round "10"]
[White "Milov,V"]
[Black "Polgar,Ju"]
[Result "1/2-1/2"]
[WhiteElo "2605"]
[BlackElo "2678"]

1.d4 Nf6 2.c4 e6 3.Nc3 Bb4 4.e3 O-O 5.Bd3 d5 6.a3 Bxc3+ 7.bxc3 dxc4 8.Bxc4 c5
9.Nf3 Qa5 10.Bd2 Qc7 11.Bd3 b6 12.e4 Ba6 13.Bxa6 Nxa6 14.Qe2 Qb7 15.e5 Ne4
16.O-O  1/2-1/2

[Event "2nd IECC"]
[Site "Ohrid MKD"]
[Date "2001.06.12"]
[Round "11"]
[White "Milov,V"]
[Black "Volkov,S"]
[Result "1-0"]
[WhiteElo "2605"]
[BlackElo "2558"]

1.d4 d5 2.c4 c6 3.Nc3 Nf6 4.e3 a6 5.Qc2 b5 6.b3 Bg4 7.Nge2 Nbd7 8.h3 Bh5
9.Nf4 Bg6 10.Nxg6 hxg6 11.Bb2 e5 12.c5 Qc7 13.O-O-O Be7 14.Kb1 O-O-O 15.a4 exd4
16.exd4 Kb7 17.Na2 Ne4 18.Bd3 f5 19.f3 Ng3 20.Rhe1 Bf6 21.Nb4 Nb8 22.axb5 axb5
23.Bc3 Rhe8 24.Qa2 Rxe1 25.Rxe1 Qd7 26.Qa5 Qc7 27.Nxc6 Nxc6 28.Qxb5+ Ka8
29.Qa4+ Na7 30.Ba5 Qf4 31.Bb6 Qb8 32.Bb5 Rc8 33.Re8 Ne2 34.Bc6+  1-0

[Event "2nd IECC"]
[Site "Ohrid MKD"]
[Date "2001.06.13"]
[Round "12"]
[White "Ponomariov,R"]
[Black "Milov,V"]
[Result "1-0"]
[WhiteElo "2673"]
[BlackElo "2605"]

1.e4 c5 2.Nf3 Nc6 3.d4 cxd4 4.Nxd4 Nf6 5.Nc3 d6 6.Bg5 Bd7 7.Qd2 Rc8 8.f4 h6
9.Bxf6 gxf6 10.O-O-O Nxd4 11.Qxd4 Qa5 12.Kb1 Qc5 13.Qd3 Bg7 14.Be2 a6 15.g4 f5
16.e5 fxg4 17.Rhg1 h5 18.h3 Be6 19.hxg4 h4 20.Qe4 Qb6 21.Kc1 Rc5 22.Na4 Qa5
23.Nxc5 Qxc5 24.f5 Bxa2 25.f6 Bf8 26.Qa4+ b5 27.Qxa2 Qe3+ 28.Kb1  1-0

[Event "Open"]
[Site "Andorra AND"]
[Date "2001.07.01"]
[Round "2"]
[White "Bhat,V"]
[Black "Milov,V"]
[Result "0-1"]
[WhiteElo "2403"]
[BlackElo "2605"]

1.e4 c5 2.Nf3 Nc6 3.Bb5 e6 4.Bxc6 bxc6 5.d3 Qc7 6.O-O d6 7.Nc3 Nf6 8.Qe2 Nd7
9.Ng5 h6 10.Nh3 e5 11.f4 exf4 12.Bxf4 Be7 13.Qf3 Bf6 14.Qg3 Ne5 15.Bd2 Qe7
16.Nf4 h5 17.h3 Be6 18.Nd1 g5 19.Nxe6 fxe6 20.b4 cxb4 21.Bxb4 c5 22.Bc3 g4
23.Rb1 O-O 24.hxg4 Bh4 25.Rxf8+ Rxf8 26.Qh3 hxg4 27.Qe3 Qf7 28.Qe2 Qh5 29.Be1 Kg7
30.Ne3 Rh8 31.Nf1 Bxe1 32.Qxe1 Qh1+ 33.Kf2 Rf8+ 34.Kg3 Rf3+  0-1

[Event "Open"]
[Site "Andorra AND"]
[Date "2001.07.02"]
[Round "3"]
[White "Milov,V"]
[Black "Cheparinov,I"]
[Result "1-0"]
[WhiteElo "2605"]
[BlackElo "2444"]

1.d4 d5 2.c4 c6 3.Nc3 dxc4 4.e4 b5 5.a4 b4 6.Nb1 Nf6 7.e5 Nd5 8.Bxc4 e6 9.Nf3 Be7
10.Nbd2 a5 11.Ne4 h6 12.O-O Nd7 13.Nfd2 Qb6 14.Nb3 Bb7 15.Qg4 Kf8 16.Be3 Qd8
17.Qg3 N5b6 18.Be2 Ba6 19.Bxa6 Rxa6 20.Nbc5 Ra7 21.f4 g6 22.Nxe6+ fxe6 23.Qxg6 Qe8
24.Qxe6 Qf7  1-0

[Event "Open"]
[Site "Andorra AND"]
[Date "2001.07.03"]
[Round "4"]
[White "Rasmussen,K"]
[Black "Milov,V"]
[Result "0-1"]
[WhiteElo "2415"]
[BlackElo "2605"]

1.e4 c5 2.Nf3 Nc6 3.c3 Nf6 4.e5 Nd5 5.d4 cxd4 6.Bc4 e6 7.cxd4 d6 8.O-O Be7
9.Qe2 O-O 10.Qe4 Qc7 11.exd6 Bxd6 12.Nc3 Nxc3 13.bxc3 Ne7 14.Bd3 Ng6 15.h4 Qxc3
16.h5 f5 17.Qe2 Nf4 18.Bxf4 Bxf4 19.Bc4 Kh8 20.Rfe1 Bd7 21.Bxe6 Be8 22.Nh4 Qxd4
23.Nxf5 Qf6 24.g3 Bc7 25.Rad1 Bc6 26.Bd7 Ba5 27.h6 gxh6 28.Rd6 Qc3 29.Red1 Bf3
30.Qb5 Bxd1 31.Rxd1 Bb6 32.Kg2 Rf6 33.Rd3 Qc2 34.Rf3 Raf8 35.Qe5 Qc5 36.Qb2 Qd5
37.Ba4 Bc7  0-1

[Event "Open"]
[Site "Andorra AND"]
[Date "2001.07.04"]
[Round "5"]
[White "Milov,V"]
[Black "Avrukh,B"]
[Result "1/2-1/2"]
[WhiteElo "2605"]
[BlackElo "2600"]

1.d4 Nf6 2.c4 g6 3.Nc3 d5 4.cxd5 Nxd5 5.e4 Nxc3 6.bxc3 Bg7 7.Qa4+ Nd7 8.Nf3 O-O
9.Be2 c5 10.O-O Qc7 11.Bg5 a6 12.e5 e6 13.Qa3 Re8 14.Nd2 h6 15.Be3 b6 16.Ne4 Bf8
17.Qb2 Bb7 18.Bd3 b5 19.Qe2 Rac8 20.h4 h5 21.g4 f5 22.exf6 Bxe4 23.f7+ Kxf7
24.Bxe4 Nf6 25.f3 Qg3+ 26.Qg2 Qxg2+ 27.Kxg2 Nd5 28.Bxd5  1/2-1/2

[Event "Open"]
[Site "Andorra AND"]
[Date "2001.07.05"]
[Round "6"]
[White "Rausis,I"]
[Black "Milov,V"]
[Result "1/2-1/2"]
[WhiteElo "2500"]
[BlackElo "2605"]

1.d4 Nf6 2.c4 e6 3.Nf3 d5 4.g3 dxc4 5.Bg2 a6 6.O-O Nc6 7.e3 Rb8 8.Nfd2 Qd7
9.Nxc4 b5 10.Ncd2 Bd6 11.a4 O-O 12.axb5 axb5 13.Nc3 Ne7 14.e4 e5 15.dxe5 Bxe5
16.Nf3 Bxc3 17.bxc3 Qxd1 18.Rxd1 Bg4 19.h3 Bxf3 20.Bxf3 Ng6 21.Bf4 Nxf4 22.gxf4 Rfd8
23.e5 Ne8 24.Rxd8 Rxd8 25.Bc6 g6 26.Bxb5 Ng7 27.Kg2 Ne6 28.Kf3 Rd5 29.Bf1 Rc5
30.c4 f6 31.Re1 Kf7 32.Bd3  1/2-1/2

[Event "Open"]
[Site "Andorra AND"]
[Date "2001.07.07"]
[Round "8"]
[White "Jonkman,H"]
[Black "Milov,V"]
[Result "1/2-1/2"]
[WhiteElo "2410"]
[BlackElo "2605"]

1.e4 c5 2.c3 Nf6 3.e5 Nd5 4.Nf3 e6 5.Bc4 d6 6.d4 cxd4 7.cxd4 Nc6 8.O-O Be7
9.Qe2 O-O 10.Qe4 Qc7 11.exd6 Qxd6 12.Nc3 Rd8 13.Rd1 b6 14.Bd3 g6 15.Bg5 Nxc3
16.bxc3 Bb7 17.Qh4 h5 18.Be4 Rd7 19.Re1 Bxg5 20.Nxg5 Ne7 21.Bxb7 Rxb7 22.Ne4 Qd8
23.Qg5 Nd5 24.Qh6 Qf8 25.Qg5 Rc7 26.Rad1 Kh7 27.g3 Qe7 28.c4 Rxc4 29.Qxe7 Nxe7
30.Nd6 Ra4 31.Nxf7 Nf5 32.Rxe6 Rxd4 33.Rxd4 Nxd4 34.Re7 Kg7 35.f4 Kf6 36.Rb7 Re8
37.Ne5 g5 38.Rxa7 gxf4 39.gxf4 Ne2+ 40.Kf2 Nxf4 41.Nd7+ Kg5 42.Nxb6 Nd3+
43.Kf3 Ne1+ 44.Kf2 Nd3+ 45.Kf3  1/2-1/2

[Event "Open"]
[Site "Andorra AND"]
[Date "2001.07.08"]
[Round "9"]
[White "Milov,V"]
[Black "Campora,D"]
[Result "0-1"]
[WhiteElo "2605"]
[BlackElo "2503"]

1.d4 Nf6 2.c4 e6 3.Nc3 Bb4 4.e3 O-O 5.Bd3 d5 6.a3 Bxc3+ 7.bxc3 c5 8.cxd5 exd5
9.Ne2 b6 10.O-O Ba6 11.f3 Re8 12.Ng3 Bxd3 13.Qxd3 Nc6 14.Ra2 Qd7 15.Re2 Rad8
16.Bb2 h5 17.Rd1 h4 18.Nf5 c4 19.Qc2 Ne7 20.Nxe7+ Rxe7 21.e4 dxe4 22.fxe4 Rde8
23.Rde1 h3 24.e5 Nd5 25.Bc1 Qg4 26.Rf2 b5 27.Ree2 f6 28.Rf3 fxe5 29.Rg3 Qxe2
30.Qxe2 exd4 31.Qh5 Nf6 32.Qg6 Re1+ 33.Kf2 R8e2+ 34.Kf3 Re7 35.gxh3 Rxc1
36.cxd4 Nd5 37.Qc6 Rf1+ 38.Kg2 Rf5 39.Rf3 Nf4+ 40.Kg3 Ref7 41.Kg4 R5f6 42.Qa8+ Rf8
43.Qxa7 Rg6+ 44.Kh4 Kh7 45.Rg3 Ng2+ 46.Rxg2 Rxg2 47.Qe7 Rf4+ 48.Kh5 Rf5+
49.Kh4 Kh6  0-1

[Event "MTO"]
[Site "Biel SUI"]
[Date "2001.07.23"]
[Round "1"]
[White "Milov,V"]
[Black "Robert,A"]
[Result "1-0"]
[WhiteElo "2614"]
[BlackElo "2262"]

1.d4 d5 2.c4 e6 3.Nc3 Nf6 4.cxd5 exd5 5.Bg5 Be7 6.e3 c6 7.Bd3 Nbd7 8.Nge2 O-O
9.O-O Re8 10.f3 Nf8 11.Bh4 Ng6 12.Bf2 c5 13.Qd2 cxd4 14.exd4 Bd7 15.Kh1 Bd6
16.g4 Qb8 17.Bg3 Bxg3 18.hxg3 Qd6 19.Kg2 Bc6 20.Bc2 Re7 21.Bxg6 fxg6 22.Rae1 Rae8
23.Nf4 Rxe1 24.Rxe1 Rxe1 25.Qxe1 Kf7 26.g5 Nd7 27.Nd3 Qe6 28.Qd2 a6 29.a4 Ke7
30.b4 b6 31.b5 axb5 32.axb5 Bb7 33.Nf4 Qd6 34.Qa2 h6 35.Ncxd5+ Kf8 36.Nc7 hxg5
37.Nce6+ Ke7 38.Nxg5 Nf6 39.Qf7+ Kd8 40.Qxb7  1-0